[Event "IECC CL3-2004.09 email"]
[Site "IECC email"]
[Date "2004.03.12"]
[Round "?"]
[White "Hall, Craig"]
[Black "Shchepetnev, Vasiliy"]
[Result "1/2-1/2"]
[WhiteElo "1965"]
[BlackElo "1908"]
[PlyCount "75"]
[EventDate "2004.??.??"]
[EventType "tourn (corr)"]
[EventRounds "4"]
[SourceTitle "Corr 2008"]
[Source "ChessBase"]
[SourceDate "2008.06.24"]
[SourceVersion "1"]
[SourceVersionDate "2008.06.24"]
[SourceQuality "1"]

1. Nf3 d5 2. c4 d4 3. g3 Nc6 4. Bg2 e5 5. 0-0 Nf6 6. d3 Be7 7. b4 Nxb4 8. Nxe5 0-0 9. a3 Na6 10. Nd2 c6 11. Nef3 c5 12. Rb1 Rb8 13. Re1 b6 14. Ne5 Bb7 15. Nc6 Bxc6 16. Bxc6 Nc7 17. Nf3 Ne6 18. Ba4 Rc8 19. e3 dxe3 20. Bxe3 Nd7 21. h4 Bf6 22. Bd2 Qc7 23. h5 Rfd8 24. h6 Ne5 25. Nxe5 Bxe5 26. Qf3 Nd4 27. Qg2 g6 28. Bd1 Re8 29. a4 Bh8 30. Rxe8+ Rxe8 31. a5 Qd6 32. Qd5 Qc7 33. Bg4 Be5 34. Re1 Kf8 35. Bd1 Qd6 36. Qe4 Qd7 37. a6 f6 38. Re3 1/2-1/2

[Event "IECC CL3-2003.20 email"]
[Site "IECC email"]
[Date "2003.09.01"]
[Round "?"]
[White "Richardson, John R"]
[Black "Shchepetnev, Vasiliy"]
[Result "0-1"]
[WhiteElo "1918"]
[BlackElo "1903"]
[PlyCount "46"]
[EventDate "2003.??.??"]
[EventType "tourn (corr)"]
[EventRounds "4"]
[SourceTitle "Corr 2008"]
[Source "ChessBase"]
[SourceDate "2008.06.24"]
[SourceVersion "1"]
[SourceVersionDate "2008.06.24"]
[SourceQuality "1"]

1. c4 e5 2. Nc3 Nc6 3. g3 g6 4. Bg2 Bg7 5. e3 Nf6 6. Nge2 0-0 7. 0-0 Re8 8. d3 Ne7 9. d4 exd4 10. Nxd4 d6 11. b3 c6 12. Bb2 d5 13. cxd5 Bg4 14. f3 Nfxd5 15. fxg4 Nxe3 16. Nxc6 Nxc6 17. Qxd8 Raxd8 18. Bxc6 bxc6 19. Rf2 Nxg4 20. Rc2 Bd4+ 21. Kh1 Nf2+ 22. Kg2 Nd3 23. Na4 Re1 0-1

[Event "IECC CL2-2003.06 email"]
[Site "IECC email"]
[Date "2003.02.06"]
[Round "?"]
[White "Shchepetnev, Vasiliy"]
[Black "Van der Wijk, Hein"]
[Result "0-1"]
[WhiteElo "1909"]
[BlackElo "2037"]
[PlyCount "126"]
[EventDate "2003.??.??"]
[EventType "tourn (corr)"]
[EventRounds "4"]
[SourceTitle "Corr 2008"]
[Source "ChessBase"]
[SourceDate "2008.06.24"]
[SourceVersion "1"]
[SourceVersionDate "2008.06.24"]
[SourceQuality "1"]

1. e4 c5 2. Nf3 d6 3. d4 cxd4 4. Nxd4 Nf6 5. Nc3 a6 6. Bg5 e6 7. f4 Qb6 8. Nb3 Nbd7 9. Qf3 Be7 10. 0-0-0 Qc7 11. Bd3 b5 12. a3 Rb8 13. g4 b4 14. axb4 Rxb4 15. Rhe1 Bb7 16. Qe2 h6 17. Bxf6 Bxf6 18. e5 dxe5 19. Bxa6 Bxa6 20. Qxa6 Nb8 21. Qa3 Be7 22. f5 Qc8 23. fxe6 fxe6 24. Qa8 0-0 25. Rxe5 Rxg4 26. Re4 Rxe4 27. Qxe4 Nc6 28. Qc4 Kh8 29. h4 Qe8 30. Nc5 Ne5 31. Qe4 Bxc5 32. Qxe5 Be7 33. Qe1 Rf5 34. Qe4 Ra5 35. Rd4 Bf6 36. Rc4 Qd7 37. Na4 Re5 38. Qd3 Qb7 39. Qd1 Qa6 40. b3 Rd5 41. Qe1 Qd6 42. c3 Qh2 43. Rc8+ Kh7 44. Qe4+ Rf5 45. Rc5 Be5 46. Qd3 h5 47. Kd1 Qg1+ 48. Kc2 Qf2+ 49. Kd1 g6 50. b4 Qxh4 51. Kc2 Qh1 52. Kb3 h4 53. Rc4 Bg3 54. Qd7+ Kh6 55. Qxe6 Qd1+ 56. Ka3 Qc1+ 57. Kb3 h3 58. Qe8 Qd1+ 59. Ka3 h2 60. Qh8+ Kg5 61. Nc5 Rxc5 62. Rxc5+ Kg4 63. Qc8+ Kf3 0-1

[Event "IECC CL3-2002.37"]
[Site "IECC email"]
[Date "2002.12.22"]
[Round "?"]
[White "Shchepetnev, Vasiliy"]
[Black "Endean, Andrew"]
[Result "1/2-1/2"]
[WhiteElo "1933"]
[BlackElo "1913"]
[PlyCount "51"]
[EventDate "2002.??.??"]
[EventType "tourn (corr)"]
[EventRounds "4"]
[SourceTitle "Corr 2008"]
[Source "ChessBase"]
[SourceDate "2008.06.24"]
[SourceVersion "1"]
[SourceVersionDate "2008.06.24"]
[SourceQuality "1"]

1. e4 e5 2. Nf3 Nf6 3. Nc3 Nc6 4. d4 exd4 5. Nxd4 Bb4 6. Nxc6 bxc6 7. Bd3 d5 8. exd5 cxd5 9. 0-0 0-0 10. Nb5 Bg4 11. f3 Bd7 12. c3 Bc5+ 13. Kh1 c6 14. Nd4 Rb8 15. b3 Re8 16. Bg5 h6 17. Bf4 Ra8 18. Re1 Qb6 19. Be5 Be7 20. Nf5 Bxf5 21. Bxf5 Rad8 22. Qc2 a5 23. Re2 Kf8 24. Rae1 Qb7 25. Bd4 Ng8 26. Bh7 1/2-1/2

[Event "IECC CL3-2002.36"]
[Site "IECC email"]
[Date "2002.11.30"]
[Round "?"]
[White "Shchepetnev, Vasiliy"]
[Black "Spiekermann, Stefan"]
[Result "1-0"]
[WhiteElo "1905"]
[BlackElo "1897"]
[PlyCount "105"]
[EventDate "2002.??.??"]
[EventType "tourn (corr)"]
[EventRounds "4"]
[SourceTitle "Corr 2008"]
[Source "ChessBase"]
[SourceDate "2008.06.24"]
[SourceVersion "1"]
[SourceVersionDate "2008.06.24"]
[SourceQuality "1"]

1. e4 e6 2. d4 d5 3. exd5 exd5 4. Qe2+ Be7 5. Bg5 Nc6 6. c3 Be6 7. Bxe7 Ngxe7 8. Na3 0-0 9. 0-0-0 a6 10. Nc2 b5 11. h4 Qd6 12. h5 h6 13. g4 f5 14. g5 Qf4+ 15. Kb1 Qe4 16. Bg2 Qxe2 17. Nxe2 hxg5 18. h6 Kh7 19. hxg7+ Kxg7 20. Nc1 Rh8 21. Rhe1 Kf6 22. f4 Rag8 23. Nd3 gxf4 24. Nxf4 Bf7 25. Ne3 Rd8 26. Rf1 Rh4 27. a3 Nb8 28. Nd3 Nd7 29. Nb4 c6 30. Nxc6 Nxc6 31. Rxf5+ Kg7 32. Rxf7+ Kxf7 33. Bxd5+ Kg6 34. Rg1+ Kf6 35. Bxc6 Nb6 36. Bb7 a5 37. Ng4+ Kf5 38. Ne5 Rh2 39. Rf1+ Ke6 40. Ng4 Rh4 41. Rf6+ Ke7 42. Rxb6 Rxg4 43. Rxb5 Rb8 44. b4 axb4 45. axb4 Rh4 46. Kc2 Rf8 47. Kb3 Rf1 48. Re5+ Kd6 49. Rg5 Rff4 50. Rg6+ Kc7 51. Bd5 Rh5 52. Kc4 Rff5 53. Be6 1-0

[Event "IECC CL3-2002.36"]
[Site "IECC email"]
[Date "2002.11.30"]
[Round "?"]
[White "Zamora, Sammy"]
[Black "Shchepetnev, Vasiliy"]
[Result "1-0"]
[WhiteElo "1880"]
[BlackElo "1923"]
[PlyCount "65"]
[EventDate "2002.??.??"]
[EventType "tourn (corr)"]
[EventRounds "4"]
[SourceTitle "Corr 2008"]
[Source "ChessBase"]
[SourceDate "2008.06.24"]
[SourceVersion "1"]
[SourceVersionDate "2008.06.24"]
[SourceQuality "1"]

1. e4 e5 2. Nf3 Nf6 3. Nxe5 d6 4. Nf3 Nxe4 5. d4 d5 6. Bd3 Bd6 7. 0-0 0-0 8. c4 c6 9. cxd5 cxd5 10. Nc3 Nxc3 11. bxc3 Bg4 12. Rb1 b6 13. Rb5 Bc7 14. h3 a6 15. hxg4 axb5 16. Qc2 g6 17. Bxb5 Nd7 18. Bh6 Re8 19. Qb3 Nf6 20. Bxe8 Qxe8 21. g5 Ne4 22. Qxd5 Nxc3 23. Qb3 Ne2+ 24. Kh1 Qd7 25. Re1 Nf4 26. Kg1 Bd6 27. Qe3 Qc6 28. g3 Ne6 29. Rc1 Qb7 30. Qc3 Re8 31. Qc6 Qxc6 32. Rxc6 Rd8 33. Rxb6 1-0

[Event "IECC KO email"]
[Site "IECC email"]
[Date "2002.10.25"]
[Round "?"]
[White "Maquinay, Jacques"]
[Black "Shchepetnev, Vasiliy"]
[Result "1/2-1/2"]
[WhiteElo "1611"]
[BlackElo "1930"]
[PlyCount "62"]
[EventDate "2002.??.??"]
[EventType "tourn (corr)"]
[EventRounds "6"]
[SourceTitle "Corr 2008"]
[Source "ChessBase"]
[SourceDate "2008.06.24"]
[SourceVersion "1"]
[SourceVersionDate "2008.06.24"]
[SourceQuality "1"]

1. Nf3 c5 2. e4 d6 3. d3 Nc6 4. g3 e5 5. Nc3 Nf6 6. Bg2 Be7 7. 0-0 0-0 8. Nd5 h6 9. c3 Bg4 10. Be3 Qd7 11. Qd2 Bd8 12. Ne1 Bh3 13. Bxh6 Bxg2 14. Bxg7 Kxg7 15. Qg5+ Kh7 16. Nxg2 Nxd5 17. Qh5+ Kg7 18. exd5 Ne7 19. f4 Rh8 20. Qf3 Qh3 21. Nh4 Ng6 22. fxe5 Nxe5 23. Qf5 Rxh4 24. gxh4 Qxd3 25. Qxd3 Nxd3 26. Rf3 Ne5 27. Rg3+ Kh7 28. Kh1 Bxh4 29. Rh3 Ng6 30. Rg1 Rh8 31. c4 Kg7 1/2-1/2

[Event "IECC Swiss email"]
[Site "IECC email"]
[Date "2002.10.16"]
[Round "?"]
[White "Shchepetnev, Vasiliy"]
[Black "Bladyko, Pawel"]
[Result "1-0"]
[WhiteElo "1931"]
[BlackElo "1411"]
[PlyCount "51"]
[EventDate "2002.??.??"]
[EventType "tourn (corr)"]
[EventRounds "6"]
[SourceTitle "Corr 2008"]
[Source "ChessBase"]
[SourceDate "2008.06.24"]
[SourceVersion "1"]
[SourceVersionDate "2008.06.24"]
[SourceQuality "1"]

1. d4 d5 2. c4 dxc4 3. Nf3 b5 4. a4 c6 5. axb5 cxb5 6. e3 Bd7 7. Nc3 a6 8. b3 cxb3 9. Qxb3 Nc6 10. d5 Na7 11. Ne5 Qc8 12. Nxd7 Kxd7 13. Be2 Nf6 14. 0-0 e6 15. Bf3 Rb8 16. Bb2 Bd6 17. dxe6+ fxe6 18. Rfc1 Qc4 19. Qd1 Qh4 20. g3 Qg5 21. Rxa6 Nc8 22. Ne4 Nxe4 23. Bxe4 Rd8 24. h4 Qh6 25. Rxc8 Kxc8 26. Rxd6 1-0

[Event "IECC CL3-2002.29"]
[Site "IECC email"]
[Date "2002.08.25"]
[Round "?"]
[White "Shchepetnev, Vasiliy"]
[Black "Koch, Martin"]
[Result "1/2-1/2"]
[WhiteElo "1896"]
[BlackElo "1950"]
[PlyCount "55"]
[EventDate "2002.??.??"]
[EventType "tourn (corr)"]
[EventRounds "4"]
[SourceTitle "Corr 2008"]
[Source "ChessBase"]
[SourceDate "2008.06.24"]
[SourceVersion "1"]
[SourceVersionDate "2008.06.24"]
[SourceQuality "1"]

1. d4 Nf6 2. Nf3 d6 3. c4 g6 4. Nc3 Bg7 5. e4 0-0 6. Be2 e5 7. Be3 Nc6 8. 0-0 exd4 9. Nxd4 Bd7 10. Re1 Re8 11. Nxc6 Bxc6 12. f3 a6 13. Qd2 Qd7 14. Rad1 b5 15. b4 Rab8 16. a3 Qe7 17. Nd5 Nxd5 18. cxd5 Bd7 19. Bd4 Bxd4+ 20. Qxd4 Ra8 21. Rc1 Rec8 22. Red1 a5 23. Rd2 axb4 24. axb4 Ra4 25. Rdc2 Be8 26. f4 h5 27. g3 f6 28. Bd3 1/2-1/2

[Event "IECC CL3-2002.27"]
[Site "IECC email"]
[Date "2002.08.11"]
[Round "?"]
[White "Shchepetnev, Vasiliy"]
[Black "Kund, Wolfgang"]
[Result "0-1"]
[WhiteElo "1985"]
[BlackElo "2000"]
[PlyCount "56"]
[EventDate "2002.??.??"]
[EventType "tourn (corr)"]
[EventRounds "4"]
[SourceTitle "Corr 2008"]
[Source "ChessBase"]
[SourceDate "2008.06.24"]
[SourceVersion "1"]
[SourceVersionDate "2008.06.24"]
[SourceQuality "1"]

1. e4 e5 2. Nf3 Nf6 3. Nxe5 d6 4. Nf3 Nxe4 5. d4 d5 6. Bd3 Bd6 7. 0-0 0-0 8. c4 c6 9. Qc2 Na6 10. Bxe4 dxe4 11. Qxe4 Re8 12. Qd3 Bg4 13. Nbd2 Qd7 14. a3 Nc5 15. Qc3 Ne6 16. b4 Nf4 17. Kh1 Qf5 18. Bb2 Nd3 19. c5 Bf4 20. Nh4 Qh5 21. Qxd3 Qxh4 22. g3 Qh3 23. Ne4 Bf5 24. Rfe1 Re6 25. f3 Bxg3 26. Re2 Rae8 27. Rg2 Bf4 28. d5 Rxe4 0-1

[Event "IECC KO email"]
[Site "IECC email"]
[Date "2002.07.15"]
[Round "?"]
[White "Pritchard, Owen M"]
[Black "Shchepetnev, Vasiliy"]
[Result "0-1"]
[WhiteElo "1469"]
[BlackElo "1912"]
[PlyCount "58"]
[EventDate "2002.??.??"]
[EventType "tourn (corr)"]
[EventRounds "6"]
[SourceTitle "Corr 2008"]
[Source "ChessBase"]
[SourceDate "2008.06.24"]
[SourceVersion "1"]
[SourceVersionDate "2008.06.24"]
[SourceQuality "1"]

1. d4 d5 2. c4 c6 3. Nf3 Nf6 4. Nc3 e6 5. Bg5 h6 6. Bh4 Bb4 7. cxd5 exd5 8. Qc2 0-0 9. e3 Re8 10. Bd3 Bd6 11. 0-0-0 Be6 12. Ne5 Nbd7 13. f4 Nf8 14. f5 Bc8 15. Ng4 N8d7 16. Rde1 Be7 17. Nf2 Nb6 18. g4 a5 19. Rhg1 Nh7 20. Bxe7 Qxe7 21. Rg3 a4 22. e4 a3 23. b3 Qb4 24. h4 Qxd4 25. g5 hxg5 26. Rh1 Ra5 27. hxg5 Rc5 28. Nfd1 dxe4 29. g6 fxg6 0-1